Top 10 Ballon d'Or 80s - Statistics

General Stats
  • This quiz has been taken 70 times
  • The average score is 48 of 102
Answer Stats
% Correct
1986 Marco van Basten Ajax Netherlands
93%
1987 Marco van Basten Ajax/Milan Netherlands
93%
1988 Marco van Basten Milan Netherlands
93%
1989 Marco van Basten Milan Netherlands
93%
1980 Michel Platini Saint-Étienne France
93%
1981 Michel Platini Saint-Étienne France
93%
1982 Michel Platini Saint-Étienne/Juventus France
93%
1983 Michel Platini Juventus France
93%
1984 Michel Platini Juventus France
93%
1985 Michel Platini Juventus France
93%
1987 Ruud Gullit PSV/Milan Netherlands
93%
1988 Ruud Gullit Milan Netherlands
93%
1989 Ruud Gullit Milan Netherlands
93%
1980 Karl-Heinz Rummenigge Bayern Munich West Germany
86%
1981 Karl-Heinz Rummenigge Bayern Munich West Germany
86%
1982 Karl-Heinz Rummenigge Bayern Munich West Germany
86%
1983 Karl-Heinz Rummenigge Bayern Munich West Germany
86%
1984 Karl-Heinz Rummenigge Bayern Munich/Internazionale West Germany
86%
1985 Karl-Heinz Rummenigge Internazionale West Germany
86%
1988 Lothar Matthäus Bayern Munich/Internazionale West Germany
86%
1989 Lothar Matthäus Internazionale West Germany
86%
1982 Paolo Rossi Juventus Italy
84%
1988 Franco Baresi Milan Italy
79%
1989 Franco Baresi Milan Italy
79%
1988 Frank Rijkaard Real Zaragoza/Milan Netherlands
79%
1989 Frank Rijkaard Milan Netherlands
79%
1986 Gary Lineker Everton/Barcelona England
79%
1987 Gary Lineker Barcelona England
79%
1983 Kenny Dalglish Liverpool Scotland
79%
1989 Jean-Pierre Papin Marseille France
74%
1986 Emilio Butragueño Real Madrid Spain
70%
1987 Emilio Butragueño Real Madrid Spain
70%
1984 Ian Rush Liverpool Wales
70%
1986 Ian Rush Liverpool/Juventus Wales
70%
1989 Gheorghe Hagi Steaua București Romania
60%
1988 Jürgen Klinsmann Stuttgart West Germany
58%
1989 Jürgen Klinsmann Stuttgart/Internazionale West Germany
58%
1985 Michael Laudrup Lazio/Juventus Denmark
53%
1981 Oleg Blokhin Dynamo Kyiv Soviet Union
53%
1980 Bernd Schuster 1. FC Köln/Barcelona West Germany
51%
1981 Bernd Schuster Barcelona West Germany
51%
1982 Bernd Schuster Barcelona West Germany
51%
1985 Bernd Schuster Barcelona West Germany
51%
1981 Dino Zoff Juventus Italy
51%
1982 Dino Zoff Juventus Italy
51%
1980 Hansi Müller VfB Stuttgart West Germany
49%
1986 Igor Belanov Dynamo Kyiv Soviet Union
49%
1983 Allan Simonsen Charlton Athletic/Vejle Denmark
47%
1984 Jean Tigana Bordeaux France
47%
1982 Zbigniew Boniek Widzew Łódź/Juventus Poland
44%
1985 Zbigniew Boniek Juventus/Roma Poland
44%
1982 Alain Giresse Bordeaux France
40%
1984 Alain Giresse Bordeaux France
40%
1983 Bryan Robson Manchester United England
40%
1984 Bryan Robson Manchester United England
40%
1985 Bryan Robson Manchester United England
40%
1987 Bryan Robson Manchester United England
40%
1981 Paul Breitner Bayern Munich West Germany
40%
1987 Gianluca Vialli Sampdoria Italy
37%
1988 Gianluca Vialli Sampdoria Italy
37%
1984 Harald Schumacher 1. FC Köln West Germany
37%
1987 Paulo Futre Porto/Atlético Madrid Portugal
37%
1984 Graeme Souness Liverpool/Sampdoria Scotland
33%
1989 Michel Preud'homme Mechelen Belgium
30%
1987 Míchel Real Madrid Spain
28%
1988 Ronald Koeman PSV Netherlands
28%
1989 Dragan Stojković Red Star Belgrade Yugoslavia
26%
1987 John Barnes Watford/Liverpool England
26%
1989 Peter Shilton Derby County England
26%
1981 John Wark Ipswich Town Scotland
23%
1982 Bruno Conti Roma Italy
21%
1983 Jean-Marie Pfaff Bayern Munich Belgium
21%
1982 Pierre Littbarski 1. FC Köln West Germany
21%
1984 Preben Elkjær Lokeren/Hellas Verona Denmark
21%
1985 Preben Elkjær Hellas Verona Denmark
21%
1986 Preben Elkjær Hellas Verona Denmark
21%
1983 Felix Magath Hamburger SV West Germany
19%
1980 Horst Hrubesch Hamburger SV West Germany
19%
1980 Liam Brady Juventus Ireland
19%
1981 Liam Brady Juventus Ireland
19%
1986 Alessandro Altobelli Internazionale Italy
16%
1985 Hans-Peter Briegel Hellas Verona West Germany
16%
1980 Jan Ceulemans Club Brugge Belgium
16%
1980 Manfred Kaltz Hamburger SV West Germany
16%
1986 Manuel Amoros Monaco France
16%
1983 Gordon Strachan Aberdeen Scotland
14%
1980 Herbert Prohaska Internazionale Austria
12%
1983 Jesper Olsen Ajax Denmark
12%
1986 Oleksandr Zavarov Dynamo Kyiv Soviet Union
12%
1988 Oleksandr Zavarov Dynamo Kyiv/Juventus Soviet Union
12%
1982 Rinat Dasayev Spartak Moscow Soviet Union
12%
1983 Rinat Dasayev Spartak Moscow Soviet Union
12%
1985 Rinat Dasayev Spartak Moscow Soviet Union
12%
1986 Helmuth Duckadam Steaua București Romania
9%
1987 Klaus Allofs Marseille West Germany
9%
1984 Fernando Chalana Bordeaux Portugal
7%
1980 Wilfried Van Moer Beveren Belgium
7%
1987 Glenn Hysén Fiorentina Sweden
5%
1988 Oleksiy Mykhaylychenko Dynamo Kyiv Soviet Union
5%
1981 Alexsandr Chivadze Dinamo Tbilisi Soviet Union
2%
1985 Oleh Protasov Dnepr Dnepropetrovsk Soviet Union
2%
1981 Ramaz Shengelia Dinamo Tbilisi Soviet Union
2%
No matching quizzes found
Score Distribution
Percent of People with Each Score
Percentile by Number Answered
Your Score History
You have not taken this quiz